| 000 | 01108nam a2200241Ia 4500 | ||
|---|---|---|---|
| 003 | OSt | ||
| 005 | 20210824110657.0 | ||
| 008 | 210310t1998 eu ad fr 100 0 eng d | ||
| 020 | _a0898432480 | ||
| 040 |
_aCO-JMCR _cCO-JMCR |
||
| 041 | 0 | _aeng | |
| 082 | 0 | 4 |
_a339.5006 / _bC748c _223 |
| 111 | 2 |
_aConference Change and Prosperity _d(1998 : _cAspen, Colorado) _939598 |
|
| 245 | 1 | 0 |
_aChange and prosperity : _bthe Aspen Institute Program on the world economy / _cConference Report Change and Prosperity, Aspen, August 19-22 1998 |
| 260 |
_aWashington D. C. : _bThe Aspen Institute, _c1998 |
||
| 300 |
_a62 páginas : _bilustraciones y gráficas a blanco y negro ; _c23 cm. |
||
| 505 | 0 | _aAcknowledgments -- The global macroeconomic outlook -- Structural reform and institution building -- Looking to the future | |
| 650 | 1 | 4 |
_aCompetencia económica internacional _916977 _vCongresos, conferencias, etc. |
| 650 | 2 | 4 |
_aMercado laboral _vCongresos, conferencias, etc. _939599 |
| 651 | 4 |
_aEuropa _xIntegración económica _939600 |
|
| 651 | 4 |
_aEstados Unidos _xIntegración económica _939601 |
|
| 942 |
_2ddc _cBK |
||
| 999 |
_c8337 _d8337 |
||